000 01309cab a2200217 4500
001 ABS68192
008 040924n2004 000 0 eng u
035 _a(Sirsi) u127526
100 _aPye, M.
245 4 _aThe draft Disability Discrimination Bill
260 _c2004
490 _aAccess by Design
_v (100) Autumn 2004, 13-15(3)
520 _aDiscusses the draft Disability Discrimination Bill which aims to extend the Disability Discrimination Act 1995 to cover all functions of public bodies and the introduction of a new public sector duty to promote equality of opportunity. These two new measures are the focus of a new consultation document "Delivering equality for disabled people" issued by the Department for Work and Pensions. The Disability Rights Commission has highlighted areas of concern as signage, homelessness and local authority responsibilities in leisure centres. View the consultation at www.dwp.gov.uk/.
590 _aABS
650 _aDISABILITY DISCRIMINATION BILL
650 _aMANAGEMENT-BUSINESS MANAGEMENT-DISCRIMINATION-DISABILITY DISCRIMINATION-ACCESSIBILITY
650 _aSIGNING
690 _aBUILT ENVIRONMENT-CONSTRUCTION DESIGN
856 _uhttps://www.dwp.gov.uk/publications/dwp/2004/equality/
_zView the consultation on the DWP website...
942 _n0
999 _c74548
_d74548